=LDR 00000nam 2200000 4500 =001 INLIS000000000049433 =005 20170220084222.0 =006 =007 =008 =035 ##$$0010-021700000000225 =040 ##$$a NBPDMAT =082 ##$$a 959.865 1 =090 ##$$a 959.865 1 $bMuh r =100 ##$$a Muhtasim =245 ##$$a Riwayat baloq Jawe $b : Sejarah singkat pejuang Lombok $c / Drs. Muhtasim; Muhammad Sapwan =250 ##$$a Cet. 1 =260 ##$$a Mataram $b Jaringan Pena $c 2013 =300 ##$$a vii, 32 hlm. : $b ilus. ; $c 21 cm =650 ##$$a Sejarah Lombok =700 ##$$a Muhammad Sapwan =850 ##$$a NBPDMAT =990 ##$$a 21605500 =990 ##$$a 21605501 =990 ##$$a 21605502 =990 ##$$a 21605503 =990 ##$$a 254/46/2017 =990 ##$$a 21605501 =990 ##$$a 21605502 =990 ##$$a 21605503 =990 ##$$a 254/46/2017 =990 ##$$a 254/46/2017 =990 ##$$a 21605501 =990 ##$$a 21605503 =990 ##$$a 254/46/2017 =990 ##$$a 254/46/2017 =990 ##$$a 254/46/2017 =990 ##$$a 21605503 =990 ##$$a 254/46/2017 =990 ##$$a 254/46/2017 =990 ##$$a 254/46/2017 =990 ##$$a 254/46/2017 =990 ##$$a 254/46/2017 =990 ##$$a 254/46/2017 =990 ##$$a 254/46/2017 =990 ##$$a 254/46/2017 =990 ##$$a 254/46/2017 =990 ##$$a 254/46/2017 =990 ##$$a 254/46/2017 =990 ##$$a 254/46/2017 =990 ##$$a 254/46/2017 =990 ##$$a 254/46/2017 =990 ##$$a 254/46/2017 =990 ##$$a 254/46/2017 =990 ##$$a 254/46/2017 =990 ##$$a 254/46/2017 =990 ##$$a 254/46/2017 =990 ##$$a 254/46/2017